Sports Quiz

Random Sports or Golf Quiz

PGA Championship Winners Quiz Stats

 Plays Quiz Updated Aug 10, 2020

Support Sporcle.
Go Orange.
Score 0/102 Timer 08:00
12 Plays Today
Year Winner % Correct
1999Tiger Woods
98.4%
2000Tiger Woods
98.4%
2006Tiger Woods
98.4%
2007Tiger Woods
98.4%
1963Jack Nicklaus
88.1%
1971Jack Nicklaus
88.1%
1973Jack Nicklaus
88.1%
1975Jack Nicklaus
88.1%
1980Jack Nicklaus
88.1%
2005Phil Mickelson
83.7%
2012Rory McIlroy
80.1%
2014Rory McIlroy
79.8%
2019Brooks Koepka
78.6%
2018Brooks Koepka
77.2%
1998Vijay Singh
72.7%
2004Vijay Singh
72.7%
2020Collin Morikawa
69.3%
2015Jason Day
67.5%
1946Ben Hogan
67.4%
1948Ben Hogan
67.4%
2017Justin Thomas
67.2%
1962Gary Player
67%
1972Gary Player
67%
1942Sam Snead
61.9%
1949Sam Snead
61.9%
1951Sam Snead
61.9%
1974Lee Trevino
58.5%
1984Lee Trevino
58.5%
2008Pádraig Harrington
56.1%
2016Jimmy Walker
54.9%
2013Jason Dufner
54.4%
1991John Daly
54.3%
1921Walter Hagen
51.1%
1924Walter Hagen
51.1%
Year Winner % Correct
1925Walter Hagen
51.1%
1926Walter Hagen
51.1%
1927Walter Hagen
51.1%
1997Davis Love III
49.8%
1940Byron Nelson
48.7%
1945Byron Nelson
48.7%
1981Larry Nelson
48.3%
1987Larry Nelson
48.3%
1989Payne Stewart
46.5%
1922Gene Sarazen
43.8%
1923Gene Sarazen
43.8%
1933Gene Sarazen
43.8%
1992Nick Price
43.3%
1994Nick Price
43.3%
2002Rich Beem
41.1%
2009Yong-Eun Yang
39.5%
2001David Toms
39.3%
2010Martin Kaymer
37.1%
1993Paul Azinger
36.7%
2003Shaun Micheel
36.6%
1969Raymond Floyd
36.4%
1982Raymond Floyd
36.4%
1995Steve Elkington
32%
2011Keegan Bradley
31.1%
1996Mark Brooks
28.7%
1986Bob Tway
28.3%
1985Hubert Green
27.5%
1983Hal Sutton
26.9%
1977Lanny Wadkins
25.6%
1930Tommy Armour
24.3%
1990Wayne Grady
23.8%
1988Jeff Sluman
22.9%
1979David Graham
22.8%
1968Julius Boros
22.7%
Year Winner % Correct
1970Dave Stockton
21%
1976Dave Stockton
21%
1956Jack Burke, Jr.
18.6%
1916Jim Barnes
18.4%
1919Jim Barnes
18.4%
1955Doug Ford
17.2%
1978John Mahaffey
17.2%
1967Don January
17.2%
1965Dave Marr
16.2%
1966Al Geiberger
15.7%
1936Denny Shute
15%
1937Denny Shute
15%
1961Jerry Barber
14.9%
1958Dow Finsterwald
14.8%
1964Bobby Nichols
14.4%
1960Jay Hebert
14.1%
1957Lionel Hebert
14.1%
1939Henry Picard
13.6%
1928Leo Diegel
13.4%
1929Leo Diegel
13.4%
1934Paul Runyan
13.2%
1938Paul Runyan
13.2%
1920Jock Hutchison
12.8%
1959Bob Rosburg
12.7%
1932Olin Dutra
12.6%
1944Bob Hamilton
12.5%
1954Chick Harbert
12.2%
1950Chandler Harper
11.4%
1952Jim Turnesa
11.3%
1953Walter Burkemo
11.2%
1935Johnny Revolta
10.6%
1947Jim Ferrier
10.3%
1941Vic Ghezzi
10%
1931Tom Creavy
9.5%

You're not logged in!

Compare scores with friends on all Sporcle quizzes.
OR
Log In

From the Vault

TV Show by IMDb Cast Screenshot

by LyndonG

Do you ever go into the IMDB rabbit hole, playing the Kevin Bacon Game with cast connections for hours?
Remove Ads.
Support Sporcle.
Get the best of Sporcle when you Go Orange. This ad-free experience offers more features, more stats, and more fun while also helping to support Sporcle. Thank you for becoming a member.

Show Comments

Extras

Top Quizzes Today


Score Distribution

Your Account Isn't Verified!

In order to create a playlist on Sporcle, you need to verify the email address you used during registration. Go to your Sporcle Settings to finish the process.

Report this User

Report this user for behavior that violates our Community Guidelines.

Details: